000 00534nam a2200205Ia 4500
001 15105
003 GE_BSU
008 181216s||||||||xx |||||||||||||| ||und||
040 _cGE_BSU
080 _a512.7
100 _aВоскресенский,В,Е
245 _aАлгебрические торы.O-T-S-Pic.
245 _cРед:В,Л,Попов
260 _aМосква
260 _bНаука
260 _c1977
300 _a223стр,20см
653 _aАлгебрические торы.O-T-S-Pic.
942 _cBK
999 _c48221
_d48221